00578nam a2200205 a 45000010005000000030008000050050017000130080041000300350018000710400035000890410008001240820022001321000025001542450052001792500013002312600043002443000027002875040036003146500022003504734BD-RjUL20211208233939.0131223s1974 ii 00| 0 eng d a(BD-RjUL)4769 aBD-RjULbengcBD-RjULdBD-RjUL aeng a341220bMIP 19741 aMisra, Surya Narayan10aPublic international law /cSurya Narayan Misra a1st. ed. aAllahabad :bCentral law agency,c1974 axviii, 497 p. ;c24 cm aIncludes bibliography and index 0aInternational law